Statistics for "I" Synonyms

Click here to take the quiz!

General Stats

  • This quiz has been taken 84 times
  • The average score is 12 of 20

Answer Stats

WordI Synonym% Correct
DisgustingIcky
93%
FrostyIcy
92%
HotelInn
92%
FrostingIcing
85%
PrisonerInmate
83%
TatooedInked
82%
SalaryIncome
81%
DummyIdiot
71%
PictureImage
64%
Self ReliantIndependent
64%
BlamelessInnocent
64%
UninformedIgnorant
58%
CrazyInsane
57%
SuperstarIdol
54%
BotherIrk / Irritate
53%
SmidgenIota
35%
ContaminateInfect
33%
ZionIsrael
32%
ExplodeIgnite
28%
DoubtfulIffy
17%

Score Distribution

Percentile by Number Answered

Percent of People with Each Score

Your Score History

You have not taken this quiz